|
|
|
|
| LEADER |
00000nlm0a2200000 4500 |
| 001 |
318233 |
| 005 |
20231102003045.0 |
| 035 |
|
|
|a (RuTPU)RU\TPU\book\343731
|
| 035 |
|
|
|a RU\TPU\book\343725
|
| 090 |
|
|
|a 318233
|
| 100 |
|
|
|a 20160422j20151112k y0rusy50 ca
|
| 101 |
0 |
|
|a rus
|
| 102 |
|
|
|a RU
|
| 105 |
|
|
|a a m 001zy
|
| 135 |
|
|
|a drcn ---uucaa
|
| 181 |
|
0 |
|a i
|
| 182 |
|
0 |
|a b
|
| 200 |
1 |
|
|a Оценка степени трансформации природной среды в районах нефтегазодобывающего комплекса Томской области по данным изучения снегового покрова и лишайников-эпифитов
|b Электронный ресурс
|e диссертация на соискание ученой степени кандидата геолого-минералогических наук
|e спец. 25.00.36
|f Т. С. Большунова
|g Национальный исследовательский Томский политехнический университет (ТПУ) ; науч. рук. Л. П. Рихванов
|
| 203 |
|
|
|a Текст
|c электронный
|
| 210 |
|
|
|a Томск
|c [Б. и.]
|d 2015
|
| 215 |
|
|
|a 1 файл (4.50 Mb)
|
| 230 |
|
|
|a Электронные текстовые данные (1 файл : 4.50 Mb)
|
| 300 |
|
|
|a Заглавие с титульного экрана
|
| 300 |
|
|
|a Электронная версия печатной публикации
|
| 452 |
|
1 |
|0 (RuTPU)RU\TPU\book\334781
|t Оценка степени трансформации природной среды в районах нефтегазодобывающего комплекса Томской области по данным изучения снегового покрова и лишайников-эпифитов
|o диссертация на соискание ученой степени кандидата геолого-минералогических наук
|o спец. 25.00.36
|f Т. С. Большунова
|g Национальный исследовательский Томский политехнический университет (ТПУ) ; науч. рук. Л. П. Рихванов
|c Томск
|d 2015
|p 182 л.
|a Большунова, Татьяна Сергеевна
|
| 606 |
1 |
|
|a Окружающая среда
|x Контроль качества
|2 stltpush
|3 (RuTPU)RU\TPU\subj\38916
|9 59161
|
| 610 |
1 |
|
|a диссертации
|
| 610 |
1 |
|
|a электронный ресурс
|
| 610 |
1 |
|
|a труды учёных ТПУ
|
| 610 |
1 |
|
|a трансформации
|
| 610 |
1 |
|
|a природные среды
|
| 610 |
1 |
|
|a нефтегазодобывающий комплекс
|
| 610 |
1 |
|
|a Томская область
|
| 610 |
1 |
|
|a снеговой покров
|
| 610 |
1 |
|
|a лишайники-эпифиты
|
| 675 |
|
|
|a 504.064(04)
|v 3
|
| 686 |
|
|
|a 25.00.36
|2 oksvnk
|
| 700 |
|
1 |
|a Большунова
|b Т. С.
|c геолог
|c инженер-исследователь Томского политехнического университета
|g Татьяна Сергеевна
|2 stltpush
|3 (RuTPU)RU\TPU\pers\35290
|
| 702 |
|
1 |
|a Рихванов
|b Л. П.
|c геолог
|c профессор Томского политехнического университета, доктор геолого-минералогических наук
|c заслуженный геолог РФ
|c почетный работник высшего образования РФ
|f 1945-
|g Леонид Петрович
|2 stltpush
|3 (RuTPU)RU\TPU\pers\23187
|4 727
|
| 712 |
0 |
2 |
|a Национальный исследовательский Томский политехнический университет (ТПУ)
|b Институт природных ресурсов (ИПР)
|b Кафедра геоэкологии и геохимии (ГЭГХ)
|h 259
|2 stltpush
|3 (RuTPU)RU\TPU\col\18658
|
| 801 |
|
2 |
|a RU
|b 63413507
|c 20160704
|g RCR
|
| 856 |
4 |
|
|u http://earchive.tpu.ru/handle/11683/30539
|
| 942 |
|
|
|c CF
|